| 000 | 00784nam a2200241 a 4500 | ||
|---|---|---|---|
| 003 | OSt | ||
| 005 | 20240223091753.0 | ||
| 008 | |||
| 020 | _a184480142X (paperback.) | ||
| 040 |
_cNUST _aNUST _beng _dNUST _erda |
||
| 050 | _aHF5415 DOO | ||
| 100 | 1 | _aDoole, Isobel | |
| 245 | 1 | 0 |
_aStrategic marketing decisions in Global Markets / _c Isobel Doole, and Robin Lowe. |
| 260 |
_aLondon : _bThomson, _c©2005. |
||
| 300 |
_axxi, 343 pages. : _bcolour. illustraions. ; _c28 cm. |
||
| 336 |
_2rdacontent _atext _btxt |
||
| 337 |
_2rdamedia _aunmediated _bn |
||
| 338 |
_2rdacarrier _avolume _bnc |
||
| 504 | _aindex | ||
| 650 | 0 |
_aExport marketing _xManagement. |
|
| 700 | 1 | _aLowe, Robin. | |
| 942 |
_cBOOKS _kHF _mDOO _2lcc _hHF5415 DOO _n0 |
||
| 999 |
_c134962 _d134962 |
||